00829cam a2200289 a 450000100090000000300040000900500170001300600190003000700150004900800410006402000150010503500260012003800120014604000260015805000220018408200160020610000210022221000230024324500400026625000120030626000540031850400410037250600430041356300140045665000140047077300550048410175551OSt20240912112149.0m d cr n 011126s2001 enka sb 001 0 eng d a8181479890 a(WaSeSS)ssj0000157625 aKhadija aDLCcDLCdDLCdWaSeSS 4aTS230b.B423 2001 a671.2 bBEE1 aBeeley, Peter R.10aFoundry technology10aFoundry technology /cPeter Beeley. a2nd ed. aOxford ;aBoston :bButterworth Heinemann,c2001. aIncludes bibliographical references. aLicense restrictions may limit access. aHardcover 0aFounding. 0teBook - Chemical Engineering 1995 - 2006 [EBCCE06]